Thơ văn Phạm Văn Nghị
Cuộc đời, sự nghiệp của Phạm Văn Nghị, một sĩ phu yêu nước, một nhà thơ chí khí, một nhà giáo có ảnh hưởng lớn đến đào tạo nhân tài cho đất nước thế kỷ 19; Các tác phẩm thơ và văn xuôi của ông; Một số thơ văn đương thời viết về Phạm Văn Nghị...
Na minha lista:
| Autor principal: | |
|---|---|
| Outros Autores: | |
| Formato: | Livro |
| Idioma: | Vietnamese |
| Publicado em: |
H.
Khoa học xã hội
1979
|
| Assuntos: | |
| Tags: |
Adicionar Tag
Sem tags, seja o primeiro a adicionar uma tag!
|
| Thư viện lưu trữ: | Mạng thư viện Đại học Đà Nẵng |
|---|
| LEADER | 01320nam a22003858a 4500 | ||
|---|---|---|---|
| 001 | 000014410 | ||
| 003 | 10775 | ||
| 005 | 20120426100416.0 | ||
| 008 | 120426s1979 b 000 0 vieod | ||
| 020 | |c 2,60đ |d 6200b | ||
| 041 | 0 | |a vie | |
| 041 | 0 | |a hán | |
| 041 | 0 | |a nôm | |
| 084 | |a V6(1) |b TH460V | ||
| 100 | 1 | |a Nguyễn Văn Huyền | |
| 245 | 1 | 0 | |a Thơ văn Phạm Văn Nghị |c Nguyễn Văn Huyền |
| 260 | |a H. |b Khoa học xã hội |c 1979 | ||
| 300 | |a 231tr : ảnh tư liệu |c 24cm | ||
| 520 | |a Cuộc đời, sự nghiệp của Phạm Văn Nghị, một sĩ phu yêu nước, một nhà thơ chí khí, một nhà giáo có ảnh hưởng lớn đến đào tạo nhân tài cho đất nước thế kỷ 19; Các tác phẩm thơ và văn xuôi của ông; Một số thơ văn đương thời viết về Phạm Văn Nghị | ||
| 653 | |a Văn học cận đại | ||
| 653 | |a thơ chữ hán | ||
| 653 | |a Việt nam | ||
| 653 | |a thơ chữ nôm | ||
| 653 | |a danh nhân | ||
| 653 | |a Hà nam ninh | ||
| 653 | |a văn xuôi | ||
| 700 | 1 | |a Phạm Văn Nghị |e Tác giả | |
| OWN | |a LSP | ||
| 999 | |a From the UDN01 | ||
| TYP | |a Monograph | ||
| TYP | |a Printed language | ||
| 980 | |a Mạng thư viện Đại học Đà Nẵng | ||